Top 100 Futbolistas Masculinos de 2022 - Estadísticas

Estadísticas generales
  • Esta prueba ha sido intentada 2.402 veces
  • La puntuación promedio es 46 de 100
Estadísticas de respuestas
# Club Jugador % Correcto
2 Paris Saint-Germain Kylian Mbappé
99%
1 Paris Saint-Germain Lionel Messi
99%
4 Manchester City Erling Haaland
93%
8 Real Madrid Vinícius Júnior
93%
51 Al Nassr Cristiano Ronaldo
91%
3 Real Madrid Karim Benzema
91%
5 Real Madrid Luka Modric
89%
10 Liverpool Mohamed Salah
88%
13 Tottenham Hotspur Harry Kane
87%
12 Paris Saint-Germain Neymar
87%
6 Manchester City Kevin De Bruyne
84%
7 Barcelona Robert Lewandowski
84%
9 Real Madrid Thibaut Courtois
83%
17 Atlético Madrid Antoine Griezmann
78%
19 Barcelona Pedri
78%
39 Real Madrid Toni Kroos
77%
14 Borussia Dortmund Jude Bellingham
75%
53 Manchester City Rodri
75%
93 Real Madrid Rodrygo
72%
26 Tottenham Hotspur Son Heung-min
71%
11 Bayern Munich Sadio Mané
69%
37 Barcelona Gavi
67%
20 Aston Villa Emiliano Martínez
65%
70 Inter Milan Lautaro Martínez
63%
29 Manchester City Bernardo Silva
62%
54 Manchester City Ederson
62%
27 Liverpool Virgil van Dijk
61%
24 Manchester City Phil Foden
59%
23 AC Milan Rafael Leão
59%
91 Bayern Munich Manuel Neuer
58%
15 Manchester United Casemiro
57%
38 Juventus Ángel Di María
56%
56 Real Madrid Antonio Rüdiger
56%
41 Bayern Munich Joshua Kimmich
55%
22 Arsenal Bukayo Saka
54%
67 Real Madrid Éder Militão
54%
18 Real Madrid Federico Valverde
54%
32 Manchester City Julián Álvarez
54%
34 Liverpool Alisson
53%
98 Bayern Munich Leroy Sané
53%
28 Manchester United Bruno Fernandes
51%
44 Manchester City Rúben Dias
51%
21 Benfica Enzo Fernández
49%
25 Bayern Munich Jamal Musiala
48%
84 Manchester City Kyle Walker
48%
16 Paris Saint-Germain Achraf Hakimi
46%
81 Manchester United Lisandro Martínez
46%
58 Manchester United Marcus Rashford
46%
47 Brighton Alexis Mac Allister
45%
42 Real Madrid David Alaba
44%
35 Arsenal Martin Ødegaard
44%
52 Napoli Victor Osimhen
42%
89 Barcelona Frenkie de Jong
41%
55 Manchester City Ilkay Gündogan
41%
69 Barcelona Ousmane Dembélé
41%
75 Chelsea Thiago Silva
41%
60 Liverpool Trent Alexander-Arnold
41%
82 Liverpool Darwin Núñez
40%
65 Paris Saint-Germain Marquinhos
39%
46 AC Milan Theo Hernández
36%
59 Liverpool Luis Díaz
35%
48 Atlético Madrid Rodrigo De Paul
35%
62 Arsenal Gabriel Jesus
34%
30 AC Milan Olivier Giroud
34%
88 West Ham Declan Rice
33%
40 Napoli Khvicha Kvaratskhelia
33%
72 Tottenham Cristian Romero
32%
100 Benfica Nicolás Otamendi
32%
97 Liverpool Andrew Robertson
31%
45 Real Madrid Aurélien Tchouaméni
31%
66 Juventus Dusan Vlahovic
31%
36 Manchester City João Cancelo
30%
31 RB Leipzig Josko Gvardiol
30%
95 Bayern Munich Serge Gnabry
28%
87 Lazio Ciro Immobile
27%
33 RB Leipzig Cristopher Nkunku
27%
76 Tottenham Hugo Lloris
27%
85 Manchester United Raphaël Varane
27%
57 Manchester City Riyad Mahrez
27%
43 Sevilla Yassine ‘Bono’ Bounou
26%
64 Bayern Munich Alphonso Davies
25%
73 Inter Milan Nicoló Barella
25%
86 Bayern Munich Dayot Upamecano
24%
74 AC Milan Mike Maignan
23%
99 Flamengo Gabriel Barbosa
22%
90 Newcastle Bruno Guimarães
16%
50 Liverpool Cody Gakpo
16%
96 AC Milan Sandro Tonali
15%
77 Liverpool Fabinho
14%
61 Tottenham Richarlison
14%
49 Fiorentina Sofyan Amrabat
14%
83 Fulham Aleksandar Mitrovic
13%
71 Dinamo Zagreb Dominik Livakovic
12%
94 Chelsea Reece James
12%
78 Porto Mehdi Taremi
10%
80 Chelsea Kalidou Koulibaly
9%
92 Flamengo Giorgian de Arrascaeta
8%
63 Chelsea Hakim Ziyech
8%
79 Angers Azzedine Ounahi
7%
68 Inter Milan Marcelo Brozovic
7%
No se encontraron pruebas coincidentes
Distribución de puntuación
Porcentaje de gente con cada puntuación
Porcentaje por número respondido
Historial de tus puntuaciones
No has intentado esta prueba.